Convexity theory and its applications in functional analysis /

Guardado en:
Autor Principal: Asimow, L.
Otros Autores: Ellis, A. J. 1940-
Formato: Libro
Idioma:English
Publicado: London : Academic Press, 1980.
Series:L.M.S. monographs, 16
Materias:
Etiquetas: Agregar Etiqueta
Sin Etiquetas, Sea el primero en etiquetar este registro!
LEADER 00782cam a2200241 a 4500
001 MAT.inmabb002645
008 800814s1980####enk######b####001#0#eng##
005 20110317155400.0
245 1 0 |a Convexity theory and its applications in functional analysis /  |c L. Asimow, A.J. Ellis. 
260 |a London :  |b Academic Press,  |c 1980. 
300 |a x, 266 p. ;  |c 24 cm. 
440 0 |a L.M.S. monographs,  |x 0076-0560 ;  |v 16 
504 |a Bibliografía: p. 252-260. 
510 4 |a MR,  |c 82m:46009 
020 |a 0120653400 
100 1 |a Asimow, L. 
700 1 |a Ellis, A. J.  |q (Alan John),  |d 1940- 
650 0 |a Functional analysis. 
650 0 |a Convex sets. 
084 |a 46A55 (46L05 52A01 52A07)  |2 msc2000 
010 |a  80040648  
040 |a DLC  |c DLC  |d DLC 
859 |h 46  |i As832  |p A-5083  |b BIB. MATEMATICA